Shakespeare's tragedies: an anthology of modern criticism
Uloženo v:
| Hlavní autor: | |
|---|---|
| Médium: | Kniha |
| Jazyk: | angličtina |
| Vydáno: |
Londres
Penguin Books
1989
|
| Edice: | A Pelican Book
|
| Témata: | |
| Tagy: |
Přidat tag
Žádné tagy, Buďte první, kdo vytvoří štítek k tomuto záznamu!
|
MARC
| LEADER | 00000nam a2200000 a 4500 | ||
|---|---|---|---|
| 001 | UCX4678 | ||
| 003 | CL-VaPUC | ||
| 008 | 920703e19890000UK |||||||||||||||||eng|d | ||
| 082 | 0 | 4 | |a 822.09 |b LER |2 21 |
| 100 | 0 | |a Lerner, Laurence |e author |9 320947 | |
| 245 | 1 | 0 | |a Shakespeare's tragedies: an anthology of modern criticism |
| 300 | |a 315 p | ||
| 942 | |c BK | ||
| 945 | |d 19920703 00:00:00 | ||
| 260 | |a Londres |b Penguin Books |c 1989 | ||
| 600 | 0 | |a Shakespeare, William |9 265757 | |
| 650 | 0 | |a Dramas ingleses |9 269396 | |
| 650 | 0 | |a Historia y crítica |9 257407 | |
| 650 | 0 | |a Crítica e interpretación |9 255042 | |
| 583 | |a last modification |c 19920703 00:00:00 |k Rodrigo Vera | ||
| 490 | 0 | |a A Pelican Book | |
| 999 | |c 225089 |d 225087 | ||
| 952 | |0 0 |1 0 |4 0 |6 822_090000000000000_LER_1989 |7 0 |8 ? |9 222268 |a BIBEDU |b BIBEDU |d 2019-11-15 |i 2911140 |o 822.09 LER 1989 |p 2911140 |r 2019-11-15 |w 2019-11-15 |y BK |k LIT | ||